Normal view MARC view
  • United Kingdom

Entry Corporate Name

Number of records used in: 11

001 - CONTROL NUMBER

  • control field: 3863

003 - CONTROL NUMBER IDENTIFIER

  • control field: OSt

005 - DATE AND TIME OF LATEST TRANSACTION

  • control field: 20190806150228.0

008 - FIXED-LENGTH DATA ELEMENTS

  • fixed length control field: 000000 a

040 ## - CATALOGING SOURCE

  • Original cataloging agency: OSt
  • Transcribing agency: OSt

110 1# - HEADING--CORPORATE NAME

  • Corporate name or jurisdiction name as entry element: United Kingdom
  • Subordinate unit: Audit Commission